| 000 | 00385nam a2200157Ia 4500 | ||
|---|---|---|---|
| 008 | 221030s9999 xx 000 0 und d | ||
| 020 | _a8126554270 | ||
| 041 | _aEnglish | ||
| 100 | _aA. Silberschatz | ||
| 245 | 0 |
_aOperating System Concepts _cby A. Silberschatz |
|
| 250 | _a9th | ||
| 260 |
_bWilley Pub. _aNew Delhi _c2015 |
||
| 300 | _a856 | ||
| 650 | _aBE Computer | ||
| 942 | _cBK | ||
| 999 |
_c16327 _d16327 |
||